Á lódáil...
Charitable end /
| Príomhúdar: | |
|---|---|
| Teanga: | Undetermined |
| Foilsithe: |
London :
Crime Club ,
1971.
|
| LEADER | 00394nam a2200121Ia 4500 | ||
|---|---|---|---|
| 001 | 166556 | ||
| 008 | 170722s9999 xx 000 0 und d | ||
| 100 | |a Mann, Jessica | ||
| 245 | |a Charitable end / | ||
| 260 | |a London : |b Crime Club , |c 1971. | ||
| 942 | |c GEN | ||
| 999 | |c 161515 |d 161515 | ||
| 952 | |0 0 |1 0 |4 0 |6 O_34NMA20C_L1 |7 0 |8 LC1 |9 225366 |a LIB |b LIB |d 2017-08-12 |h LC1 |o O-,34NMA20,C L1 |p G16527 |r 2017-08-12 |w 2017-08-12 |y GEN | ||